000 00606 a2200205 4500
005 20240613111308.0
008 240612b |||||||| |||| 00| 0 eng d
020 _a9789354664977
_cRs. 250.00
040 _aMAIN
082 _a615.19
_bN34P
100 _aNema, Rajesh Kumar
245 _aPractical pharmaceutical organic chemistry I and II for second and third semesters bachelor of pharmacy
260 _bCBS Publishers
_c2023
_aNew Delhi
300 _axvi, 143
650 _aPharmacy
650 _aPharmaceutical Science
650 _aOrganic Chemistry
700 _aSahu, Anjali
942 _cBK
999 _c311752
_d311752